Представление документа в формате MARC21

Поле Инд. ПП Название Значение
Тип записи a
Библиографический уровень b
001 Контрольный номер RU/IS/BASE/483555593
005 Дата корректировки 20200522191728.7
008 Кодируемые данные 20150428
040 b Код языка каталог. rus
e Правила каталог. PSBO
041 0_ a Код языка текста rus
084 a Индекс другой классификации/Индекс ББК 65.050.2
100 1_ a Автор Бурдина А.
100 1_ a Автор Соловьева И.
245 10 a Заглавие Обоснование структуры и технологии организационно-экономического механизма реализации региональной антикризисной политики
504 a Библиография Лит. в конце статьи
520 a Аннотация Целью статьи является оптимизация результата для быстрого достижения целей повышения эффективности использования регионального инновационного, производственного, кадрового, финансового потенциала. Поэтому стоит задача разработки такого механизма. Обоснование структуры и технологии организационно-экономического механизма реализации региональной антикризисной политики изложено в статье.
650 14 a Основная рубрика региональная экономика
a Основная рубрика управление экономикой
a Основная рубрика экономика
653 1_ a Ключевые слова антикризисная политика
a Ключевые слова государственно-частное партнерство (ГЧП)
a Ключевые слова инновационный кластер
a Ключевые слова кластерный подход
a Ключевые слова конкурентоспособность региона
a Ключевые слова конкурентоспособность экономики
a Ключевые слова макроэкономика
a Ключевые слова организация управления
a Ключевые слова развитие регионов
a Ключевые слова регионы России
a Ключевые слова Россия
a Ключевые слова социально-экономическое развитие
a Ключевые слова управление регионами
773 08 t Заглавие источника РИСК: ресурсы, информация, снабжение, конкуренция
d Дата издания источника 2013
g Прочая информация № 3. - С. 191 - 195 : табл., схем.
w Контрольный № источника RU/IS/BASE/439917319
901 t Тип документа b